| 000 | 00345 a2200145 4500 | ||
|---|---|---|---|
| 001 | 181710 | ||
| 020 | _a | ||
| 040 | _cMagnum | ||
| 100 | _aMoreni, Maria (Coord.) | ||
| 240 | 1 | 0 |
_aGeografia e historia em debate/ghd 4 _lpor |
| 245 | 1 | 0 | _aGeografia e historia em debate/ghd 4 |
| 362 | 0 | _a1899 | |
| 697 | _aMAGNITO: PARADIDATICO | ||
| 942 | _cBK | ||
| 999 |
_c181710 _d181710 |
||